[Event "GBR-ch U1900 106th"]
[Site "Torquay"]
[Date "2019.08.02"]
[Round "5"]
[White "Schofield, James"]
[Black "Horlock, Peter J"]
[Result "1-0"]
[WhiteElo "1757"]
[BlackElo "1606"]
[PlyCount "51"]
[EventDate "2019.07.29"]
[EventType "swiss"]
[EventRounds "7"]
[EventCountry "ENG"]
[SourceTitle "EXT 2025"]
[Source "ChessBase"]
[SourceDate "2024.10.14"]
[SourceVersion "1"]
[SourceVersionDate "2024.10.14"]
[SourceQuality "1"]

1. e4 e5 2. Nf3 Nc6 3. Bb5 Nf6 4. d3 d6 5. c3 a6 6. Ba4 Be7 7. 0-0 0-0 8. Re1 Bg4 9. Nbd2 b5 10. Bc2 d5 11. h3 dxe4 12. hxg4 exf3 13. Qxf3 Qd7 14. g5 Ng4 15. Ne4 Rae8 16. Qh3 Qf5 17. f3 h5 18. fxg4 hxg4 19. Qg3 Nd8 20. d4 Qc8 21. Qh4 g6 22. Nf6+ Bxf6 23. gxf6 exd4 24. Bh6 Rxe1+ 25. Rxe1 Ne6 26. Qxg4 1-0

[Event "GBR-ch U1900 106th"]
[Site "Torquay"]
[Date "2019.07.30"]
[Round "2"]
[White "Graff, Ben"]
[Black "Schofield, James"]
[Result "1-0"]
[WhiteElo "1885"]
[BlackElo "1757"]
[PlyCount "55"]
[EventDate "2019.07.29"]
[EventType "swiss"]
[EventRounds "7"]
[EventCountry "ENG"]
[SourceTitle "EXT 2025"]
[Source "ChessBase"]
[SourceDate "2024.10.14"]
[SourceVersion "1"]
[SourceVersionDate "2024.10.14"]
[SourceQuality "1"]

1. d4 d5 2. Bf4 c5 3. e3 Nc6 4. Nf3 Nf6 5. Nc3 e6 6. Nb5 g5 7. Nxg5 h6 8. Nc7+ Ke7 9. Nf3 Nh5 10. Nxa8 Nxf4 11. exf4 Bg7 12. c3 cxd4 13. Nxd4 Nxd4 14. cxd4 Qa5+ 15. Qd2 Qxd2+ 16. Kxd2 Bxd4 17. Nc7 a6 18. Rc1 Bxb2 19. Rc2 Bd4 20. Bd3 Bxf2 21. Rhc1 Bd7 22. g3 Bb6 23. Rb1 Ba5+ 24. Ke2 Kd6 25. Nxd5 exd5 26. Rxb7 Re8+ 27. Kf2 h5 28. Re2 1-0